书目信息 |
| 题名: |
世界500强企业经理人的管理功力
|
|
| 作者: | 金剑峰 著 | |
| 分册: | ||
| 出版信息: | 北京 经济管理出版社 2013 |
|
| 页数: | 312页 | |
| 开本: | 24cm | |
| 丛书名: | ||
| 单 册: | ||
| 中图分类: | F279.12 | |
| 科图分类: | ||
| 主题词: | 企业管理--经验--世界 , 企业管理 | |
| 电子资源: | ||
| ISBN: | 978-7-5096-2500-2 | |
| 000 | 00865nam0 2200241 450 | |
| 001 | 523 | |
| 005 | 20140909092746.95 | |
| 010 | @a978-7-5096-2500-2@dCNY39.80 | |
| 100 | @a20131009d2013 em y0chiy50 ea | |
| 101 | 0 | @achi |
| 102 | @aCN@b110000 | |
| 105 | @ay z 000yy | |
| 106 | @ar | |
| 200 | 1 | @a世界500强企业经理人的管理功力@AShi Jie 500 Qiang Qi Ye Jing Li Ren De Guan Li Gong Li@f金剑峰著@FJin Jian Feng Zhu |
| 210 | @a北京@c经济管理出版社@d2013 | |
| 215 | @a312页@d24cm | |
| 330 | @a本书对管理什么内容、用什么管理作了介绍,并配备了系统实用的工具。在相关的章节对一些概念及内涵提出了作者自己的见解,纠正了以前管理书籍中对相关概念的理解偏差。 | |
| 606 | 0 | @a企业管理@x经验@y世界 |
| 606 | 0 | @a企业管理 |
| 690 | @aF279.12@v5 | |
| 701 | 0 | @a金剑峰@AJin Jian Feng@c(企业管理)@4著 |
| 801 | 0 | @aCN@bTANGWEI@c20140603 |
| 905 | @b0839266-68@dF279.12@e1122@f3 | |
| 世界500强企业经理人的管理功力/金剑峰著.-北京:经济管理出版社,2013 |
| 312页;24cm |
| ISBN 978-7-5096-2500-2:CNY39.80 |
| 本书对管理什么内容、用什么管理作了介绍,并配备了系统实用的工具。在相关的章节对一些概念及内涵提出了作者自己的见解,纠正了以前管理书籍中对相关概念的理解偏差。 |
| ● |
| 相关链接 |
|
|
|
|
正题名:世界500强企业经理人的管理功力
索取号:F279.12/1122
 
预约/预借
| 序号 | 登录号 | 条形码 | 馆藏地/架位号 | 状态 | 备注 |
| 1 | 0839266 | 208392666 | 第一样本阅览室/ [索取号:F279.12/1122] | 在馆 | |
| 2 | 0839267 | 208392675 | 第一借阅区/ [索取号:F279.12/1122] | 在馆 | |
| 3 | 0839268 | 208392684 | 经管系资料室/ [索取号:F279.12/1122] | 在馆 |